| 000 | 00830cam a2200229 4500 | ||
|---|---|---|---|
| 001 | L106028 | ||
| 008 | 000000n2000 000 0 eng u | ||
| 020 | _a0101472226 | ||
| 035 | _a(Sirsi) u106028 | ||
| 041 | _aeng | ||
| 050 |
_a711.552 _c18 |
||
| 110 |
_aUnited Kingdom _bDepartment of the Environment, Transport and the Regions _93507 |
||
| 245 | 4 |
_aThe government's response to the Environment, Transport and Regional Affairs Committee second report _benvironmental impact of supermarket competition |
|
| 260 |
_aLondon _bStationery Office _c2000 |
||
| 300 |
_a6p. _c30 cm |
||
| 350 | _a1.90 | ||
| 490 |
_aCm _v4722 |
||
| 650 | _aPLANNING POLICY GUIDANCE NOTE SIX | ||
| 650 | _aPLANNING POLICY GUIDANCE NOTE 13 | ||
| 690 | _aENVIRONMENTAL AND LAND CONSULTANCY-PLANNING AND DEVELOPMENT-PLANNING GUIDANCE | ||
| 942 | _n0 | ||
| 999 |
_c100512 _d100512 |
||